|
|
|
|
| LEADER |
00654nab a2200157 i 4500 |
| 001 |
delm137634 |
| 005 |
20200110100732.0 |
| 008 |
200110s2007 hu o 0|| hun d |
| 040 |
|
|
|a SZTE Délmagyarország Archívum
|b hun
|
| 041 |
|
|
|a hun
|
| 100 |
1 |
|
|a Nyemcsok Éva
|
| 245 |
1 |
0 |
|a Nagyköveti jó tanácsok a sikerhez
|h [elektronikus dokumentum] :
|b April H. Foley a Tabán-iskola ifjú üzletasszonyaival találkozott /
|c Nyemcsok Éva
|
| 260 |
|
|
|c 2007-01-31
|
| 300 |
|
|
|a 3
|
| 490 |
0 |
|
|a Délmagyarország
|v 97 No. 26
|
| 695 |
|
|
|a Foley, April H., Szeged, Eseménynaptár Szeged 2007. 01., Politikus látogatása nagyköveti látogatás, Tabán Általános Iskola (Szeged)
|